000 00543nam a2200169 4500
001 122230
003 ES-MaACL
005 20230906191933.0
007 t|
008 070214s1974 sp r ||||1| spa d
100 1 _aPrieto Escudero, Germán.
_993926
245 1 0 _aBases doctrinales para una Seguridad Social integral /
_cGermán Prieto Escudero.
260 _a[S. l.] :
_b[s. n.],
_c1974.
300 _a12 h. ;
_c24 cm.
500 _aEs tirada aparte de: Revista de Trabajo, nº 46, pp. 37 - 58.
852 _aES-MaACL
_j2100-F-31
_bR.93781
999 _c122230
_d122230